| 000 | 00625npc a2200229Ia 4500 | ||
|---|---|---|---|
| 001 | fe3-50099 | ||
| 003 | IT-MiCISF | ||
| 005 | 20240325151723.0 | ||
| 008 | 161014s9999||||xx | und|| | ||
| 040 |
_aIT-MiCISF _cIT-MiCISF |
||
| 041 | _ait | ||
| 100 |
_aCasadio Giuseppe _960560 |
||
| 245 | 0 | _aStati generali sul lavoro delle donne in Italia | |
| 260 |
_a Roma, _bCnel, _c2012 |
||
| 300 | _app. 96 | ||
| 500 | _alavoro, donna, società, fecondità, famiglia | ||
| 650 | _alavoro | ||
| 654 | _arapporto | ||
| 700 |
_aSabbadini L.L., Zizza R., Centra M., Mundo A _960561 |
||
| 942 |
_cDD _2ddc |
||
| 999 |
_c206341 _d206341 |
||
| 999 | _bsi | ||